Statistics for #1 hits of the 1960s (UK version)

Click here to take the quiz!

General Stats

  • This quiz has been taken 277 times
  • The average score is 115 of 186

Answer Stats

Year Song Artist % Correct
1963From Me to YouThe Beatles
100%
1964It's All Over NowThe Rolling Stones
98%
1960It's Now or NeverElvis Presley
94%
1960Only the Lonely (Know the Way I Feel)Roy Orbison
91%
1966Good VibrationsThe Beach Boys
91%
1966These Boots Are Made for WalkinNancy Sinatra
90%
1965It's Not UnusualTom Jones
90%
1965I Got You BabeSonny & Cher
90%
1964You Really Got MeThe Kinks
88%
1967I'm a BelieverThe Monkees
87%
1969I Heard It Through the GrapevineMarvin Gaye
86%
1964House of the Rising SunThe Animals
84%
1964Baby LoveThe Supremes
84%
1965Mr. Tambourine ManThe Byrds
84%
1960Please Don't TeaseCliff Richard & The Shadows
82%
1965You've Lost That Lovin' FeelinThe Righteous Brothers
80%
1965The Minute You're GoneCliff Richard
80%
1968What a Wonderful WorldLouis Armstrong
79%
1966Strangers in the NightFrank Sinatra
78%
1960Cathy's ClownThe Everly Brothers
78%
1967MassachusettsBee Gees
76%
1960ApacheThe Shadows
72%
1964Do Wah Diddy DiddyManfred Mann
72%
1966Reach Out I'll Be ThereFour Tops
70%
1966You Don't Have to Say You Love MeDusty Springfield
69%
1964Anyone Who Had a HeartCilla Black
69%
1967Release MeEngelbert Humperdinck
68%
1967A Whiter Shade of PaleProcol Harum
68%
1969Sugar, SugarThe Archies
68%
1964(There's) Always Something There to Remind MeSandie Shaw
65%
1963How Do You Do It?Gerry & The Pacemakers
64%
1968With a Little Help from My FriendsJoe Cocker
63%
1965I'll Never Find Another YouThe Seekers
62%
1969Two Little BoysRolf Harris
62%
1969AlbatrossFleetwood Mac
61%
1969Bad Moon RisingCreedence Clearwater Revival
61%
1965Make It Easy on YourselfThe Walker Brothers
60%
1961RunawayDel Shannon
58%
1969Get BackThe Beatles with Billy Preston
55%
1969IsraelitesDesmond Dekker & The Aces
55%
1964I'm into Something GoodHerman's Hermits
55%
1967Silence Is GoldenThe Tremeloes
54%
1969Ob-La-Di, Ob-La-DaMarmalade
54%
1961You Don't KnowHelen Shapiro
53%
1968Lily the PinkThe Scaffold
53%
1964Glad All OverThe Dave Clark Five
52%
1965I'm AliveThe Hollies
51%
1968Those Were the DaysMary Hopkin
51%
1963Sweets for My SweetThe Searchers
50%
1965King of the RoadRoger Miller
50%
1960My Old Man's a DustmanLonnie Donegan
50%
1969Blackberry WayThe Move
49%
1967San Francisco (Be Sure to Wear Flowers in Your Hair)Scott McKenzie
48%
1965Go NowThe Moody Blues
48%
1968Young GirlGary Puckett & The Union Gap
47%
1966Distant DrumsJim Reeves
47%
1969In the Year 2525Zager & Evans
47%
1965Yeh YehGeorgie Fame
46%
1968FireThe Crazy World of Arthur Brown
46%
1966Keep On RunningThe Spencer Davis Group
46%
1966Get AwayGeorgie Fame & The Blue Flames
46%
1968Everlasting LoveLove Affair
45%
1969Where Do You Go To (My Lovely)?Peter Sarstedt
45%
1965Concrete & ClayUnit 4 + 2
44%
1962I Can't Stop Loving YouRay Charles
44%
1961SailorPetula Clark
44%
1966All or NothingSmall Faces
44%
1962TelstarThe Tornados
43%
1968The Legend of XanaduDave Dee, Dozy, Beaky, Mick & Tich
43%
1962I Remember YouFrank Ifield
43%
1966With a Girl Like YouThe Troggs
42%
1964A World Without LovePeter & Gordon
42%
1965TearsKen Dodd
42%
1969DizzyTommy Roe
40%
1969(If Paradise Is) Half as NiceAmen Corner
40%
1964Little ChildrenBilly J. Kramer & The Dakotas
39%
1969Je t'aime... moi non plusJane Birkin & Serge Gainsbourg
39%
1967Baby Now That I've Found YouThe Foundations
36%
1969Something in the AirThunderclap Newman
36%
1960Poor MeAdam Faith
35%
1960Shakin' All OverJohnny Kidd & the Pirates
35%
1967Let the Heartaches BeginLong John Baldry
35%
1968Baby, Come BackThe Equals
34%
1960Three Steps to HeavenEddie Cochran
34%
1966MichelleThe Overlanders
34%
1966Out of TimeChris Farlowe
33%
1964Have I the Right?The Honeycombs
33%
1962Come OutsideMike Sarne with Wendy Richard
33%
1969I'll Never Fall in Love AgainBobbie Gentry
32%
1961Moon RiverDanny Williams
29%
1961Poetry in MotionJohnny Tillotson
29%
1961Johnny Remember MeJohn Leyton
28%
1962Nut RockerB. Bumble & The Stingers
28%
1961Blue MoonThe Marcels
28%
1960WhyAnthony Newley
28%
1968I PretendDes O'Connor
28%
1960Running BearJohnny Preston
28%
1964DianeThe Bachelors
28%
1963Do You Love MeBrian Poole & The Tremeloes
27%
1961MichaelThe Highwaymen
27%
1968The Good, the Bad and the UglyHugo Montenegro
27%
1964JulietThe Four Pennies
26%
1960Tell Laura I Love HerRicky Valance
25%
1961Reach for the StarsShirley Bassey
25%
1960Starry EyedMichael Holliday
24%
1967Somethin StupidNancy Sinatra and Frank Sinatra
24%
1960Good TiminJimmy Jones
23%
1961Well I Ask YouEden Kane
23%
1961On the ReboundFloyd Cramer
22%
1961You're Driving Me CrazyThe Temperance Seven
22%
1961Tower of StrengthFrankie Vaughan
22%
1965Where Are You Now (My Love)Jackie Trent
21%
1968Mony MonyTommy James & The Shondells
20%
1968Cinderella RockefellaEsther & Abi Ofarim
20%
1963DiamondsJet Harris & Tony Meehan
20%
1963Bad to MeBilly J. Kramer & The Dakotas
19%

Score Distribution

Percentile by Number Answered

Percent of People with Each Score

Your Score History

You have not taken this quiz